Every Song by the Academy Is... - Statistics

General Stats
  • This quiz has been taken 10 times
    2 since last reset
  • The average score is 39 of 64
Answer Stats
Album Song % Correct
Almost There(2026) 100mph
100%
Almost There(2026) 2005
100%
Fast Times at Barrington High(2008) About a Girl
100%
Almost Here(2005) Almost Here
100%
Almost Here(2005) Attention
100%
Almost There(2026) Floating Through Time (Interlude)
100%
Fast Times at Barrington High(2008) His Girl Friday
100%
Almost There(2026) L Train
100%
Almost There(2026) Lulu Boy
100%
Lost in Pacific Time: The AP/EP(2009) New York (Saint in the City)
100%
Almost Here(2005) Season
100%
Almost Here(2005) Slow Down
100%
Almost There(2026) Ten Years
100%
Almost Here(2005) The Phrase That Pays
100%
Almost There(2026) Up in the Air
100%
Santi(Bonus)(2007) 40 Steps
50%
The Academy(2004) Absolution
50%
Fast Times at Barrington High(2008) After the Last Midtown Show
50%
Fast Times at Barrington High(2008) Automatic Eyes
50%
Fast Times at Barrington High(2008) Beware! Cougar!
50%
Almost Here(2005) Black Mamba
50%
Santi(2007) Bulls in Brooklyn
50%
Almost Here(2005) Checkmarks
50%
Santi(2007) Chop Chop
50%
Almost Here(2005) Classifieds
50%
Fast Times at Barrington High(2008) Coppertone
50%
Fast Times at Barrington High(2008) Crowded Room
50%
Lost in Pacific Time: The AP/EP(2009) Days Like Masquerades
50%
The Academy(2004) Dear Interceptor
50%
Almost Here(2005) Down and Out
50%
Fast Times at Barrington High(Bonus)(2008) Every Burden Has a Version
50%
Santi(2007) Everything We Had
50%
Almost There(2026) Freak Out
50%
Santi(Bonus)(2007) Ghost
50%
Lost in Pacific Time: The AP/EP(2009) I'm Yours Tonight
50%
The Academy(2004) In Our Defense
50%
Lost in Pacific Time: The AP/EP(2009) In the Rearview
50%
The Academy(2004) Judas Kiss
50%
Santi(2007) LAX to O'Hare
50%
Almost There(2026) Lost Signals
50%
Almost There(2026) Miracle
50%
Santi(2007) Neighbors
50%
Fast Times at Barrington High(2008) One More Weekend
50%
Fast Times at Barrington High(2008) Paper Chase
50%
From the Carpet(2006) Pour Yourself a Drink
50%
Fast Times at Barrington High(2008) Rumored Nights
50%
Santi(2007) Same Blood
50%
Santi(2007) Seed
50%
Almost Here(2005) Skeptics and True Believers
50%
Santi(2007) Sleeping with Giants (Lifetime)
50%
Almost There(2026) Snow Days
50%
Fast Times at Barrington High(Bonus)(2008) Sodium
50%
Lost in Pacific Time: The AP/EP(2009) Sputter
50%
Fast Times at Barrington High(2008) Summer Hair = Forever Young
50%
The Academy(2004) The Author
50%
From the Carpet(2006) The Fever
50%
The Academy(2004) The Proverbial Unrest
50%
Fast Times at Barrington High(2008) The Test
50%
Santi(Bonus)(2007) Toasted Skin
50%
Santi(2007) Unexpected Places
50%
Santi(2007) We've Got a Big Mess on Our Hands
50%
Non-Album(2008) Winter Passing
50%
Santi(2007) You Might Have Noticed
50%
Fast Times at Barrington High(Bonus)(2008) Tokyo Bay
0%
No matching quizzes found
Score Distribution
Percent of People with Each Score
Percentile by Number Answered
Your Score History
You have not taken this quiz since the last reset